01658nam a2200241Ia 4500001000600000003000900006008004100015040001300056040001300069041001300082100002200095100002900117245003200146245003200178250001100210260001100221260001200232260004900244300005700293500100800350650002701358650003101385B6246IT-RoPAU130308s9999 xx 000 0 und d aIT-RoPAU cIT-RoPAU aITALIANO aMarzorati Stefano gCodice Aut. SPICS: 39012 aDizionario dell'horror rock bDizionario dell'Horror Rock a1a ed. aMILANO bSugarco c1993 [1° Ed.:1993 - Ed.Ling.Originale:1993] a"336 p. (prefazione: no ; testo: 336 [pagine: 0-0])" aMappa degli Umori Nefasti e Maligni che Hanno Afflitto la Storia del Rock Dagli Anni sessanta Ad Oggi. legami di parentela tra Musica e Orrore (Letterario e Cinematografico). Piu' di 400 Schede di gruppi e Artisti che nel Corso della Loro carriera Hanno Assorbito e Manifestato nel Look, Nei Testi Enella grafica dei Loro Dischi, Tematiche Piu' o meno Strettamente Orrorifiche. Dai Black Sabbath Agli Iron Maiden, Dai Death Ai Malevolent Creation, senza Tralasciare Nomi Bizzarri e Misconosciuti Come quelli di Screaming Lord Sutch e degli Accused, Prendendo in Esame tutti I Sottogeneri e I Linguaggi della Musica Giovanile: dal Rock'N'Roll al Punk, dal Black Metal al Thrash, dal Doom al Death, per Giungere Agli Epigoni moderni di queste Tendenze, Il Grindcore e L'Industrial Metal. Scoprire e Rivelare Certe radici Nere del Rock. Linguaggio Maligno e negativo per Eccellenza, in Quanto Sovversivo e ribelle per Natura, Il Rock è Stato troppo Spesso vittima di Crociate e di Atteggiamenti Censori. aENCICLOPEDIE DI MUSICA eCodice materia Spics: 7001